Skladni umovy - ne pereškoda

Bibliographic Details
Main Author: Oleárová, Eva, 1945- (Author)
Format: Article
Language:Ukrainian
Subjects:

MARC

LEADER 00000cab a2200000 a 4500
001 vtls008427819
003 SK-MaSNL
005 20260319071313.0
008 060202c2005 xo wr p 000 c0ukr
015 |a SNBRB2006/02 
038 |a SVKPOCL 
040 |a SVKPOCL  |b slo  |c SVKPOCL  |d SVKPOCL  |e AACR2 
041 0 |a ukr 
044 |a xo  |c SK 
080 |a 316.022.4(=161)(437.6):061.2  |2 1997 
080 |a 316.022.4(=161.2)(437.6):061.2  |2 1997 
080 |a 061.2  |2 1997 
100 1 |a Oleárová, Eva,  |d 1945-  |4 aut  |9 112050 
245 1 0 |a Skladni umovy - ne pereškoda  |c Jeva Olear 
610 2 7 |a Zväz Rusínov-Ukrajincov Slovenskej republiky.  |b Regionálna rada (Prešov, Slovensko)  |2 svkpocl  |9 212405 
648 7 |a 2005  |2 svkpocl  |9 305506 
650 0 7 |a Rusni  |z Slovensko  |2 svkpocl  |9 1067464 
650 0 7 |a činnosť  |2 svkpocl  |9 282874 
650 0 7 |a Ukrajinci  |z Slovensko  |2 svkpocl  |9 348197 
651 7 |a Prešov (Slovensko)  |2 svkpocl  |9 17347 
773 0 |t Nove žyttja  |g Roč. 55, č. 39-40 (2005), s. 1 
852 |a SVKPO  |b KIS3GCP 
958 |a UK 
958 |a SK 
958 |a UA 
999 |c 1754575  |d 1756505